• 首页
  • 本馆介绍
  • 公告通知
  • 最新文献
  • 馆藏检索
  • 电子资源
  • 读者导购
  • 参考咨询
  • 我的图书馆
  • 登录
  • 详细信息显示
  • 放入我的书架
  • 预约/预借图书
  • 作者相关作品
  • 分类相关作品
  • 丛书相关作品
  • 出版社相关作品

书目信息

  • 表格格式
  • 工作单格式
  • 卡片格式
题名:
笑傲股市
    
 
作者: 张丽华 主编
分册:  
出版信息: 郑州   河南人民出版社  2000
页数: 210页
开本: 20cm
丛书名: 股票操作系列
单 册:
中图分类: F831.51
科图分类:
主题词: 股票--证券投资--经验--世界 , 股票 , 证券投资 , 资本市场--世界 , 资本市场
电子资源:
ISBN: 7-215-04684-2
000 00910oam2 2200289 450
001 1573889769
005 20150122203151.59
010    @a7-215-04684-2@dCNY12.00
100    @a20000725d2000 emky0chiy0110 ea
101 0  @achi
102    @aCN@b410000
105    @ay z 000yd
200 1  @a笑傲股市@9xiao ao gu shi@e大师们的投资之道@f张丽华主编
210    @a郑州@c河南人民出版社@d2000
215    @a210页@d20cm
225 2  @a股票操作系列
330    @a本书介绍了邱永汉、彼得·林奇、乔治·索罗斯、沃伦·巴菲特、本杰明·格雷厄姆、伟恩·惠善佳、吉姆·罗杰斯等世界著名的股市投资大师的投资理念和成功投资经验。
461  0 @12001 @a股票操作系列
606 0  @a股票@x证券投资@x经验@y世界
606 0  @a股票
606 0  @a证券投资
606 0  @a资本市场@y世界
606 0  @a资本市场
690    @aF831.51@v5
701  0 @a张丽华@9zhang li hua@4主编
801  0 @aCN@bTSSF@c20150122
905    @aZUCC@dF831.51@eJY1
    
    笑傲股市:大师们的投资之道/张丽华主编.-郑州:河南人民出版社,2000
    210页;20cm.-(股票操作系列)
    
    
    ISBN 7-215-04684-2:CNY12.00
    本书介绍了邱永汉、彼得·林奇、乔治·索罗斯、沃伦·巴菲特、本杰明·格雷厄姆、伟恩·惠善佳、吉姆·罗杰斯等世界著名的股市投资大师的投资理念和成功投资经验。
●
相关链接 在E读中查询图书 在五车中查询图书 在当当中查询图书 在豆瓣中查询图书


正题名:笑傲股市     索取号:F831.51/JY1         预约/预借

序号 登录号 条形码 馆藏地/架位号 状态 备注
1 7840030   278400302   学院路分馆/ [索取号:F831.51/JY1] 在馆    
唐山师范学院图书馆 欢迎您!
大连网信软件有限公司© 版权所有